000 01666cam a22004577a 4500
001 000091608
003 CHAP
005 20220329142816.0
008 040220d2002 mx bd r 001 0 spa d
010 _a88075
011 _a89047
035 _a99596
040 _cCHAP
082 0 4 _a630.72
_bQ38
245 0 3 _aEl quehacer académico del CRUAN /
_c/compilador por Salvador Barreto Flores ...[et al.].
246 0 3 _aEl quehacer del CRUAN
260 _aChapingo, Méx. :
_bUACH. Centro Regional Universitario del Anahuac,
_c2002.
300 _av. :
_bgráfs, mapa, cuadros.
500 _aAños de publicación y años que contienen: 2002 (2000-2002); 2005 (2004); 2016 (2014-2015); 2018 (2016-2017)
590 _aBATCH-UPD
_b10
_c20130110
_lUCH01
_h0326
590 _aBATCH-UPD
_b10
_c20130110
_lUCH01
_h1927
590 _aBATCH-UPD
_b10
_c20130409
_lUCH01
_h2359
590 _aBATCH-UPD
_b10
_c20130914
_lUCH01
_h0541
590 _aBATCH-UPD
_b10
_c20140805
_lUCH01
_h1148
590 _aCONVERSION
_b10
_c20130109
_lUCH01
_h1349
590 _aE11695DGD
_b10
_c20190520
_lUCH01
_h1544
590 _aE11695DGD
_b10
_c20190520
_lUCH01
_h1549
590 _aE11695DGD
_b10
_c20190520
_lUCH01
_h1551
590 _aE11695DGD
_b10
_c20190521
_lUCH01
_h0928
590 _aE11695DGD
_b10
_c20190718
_lUCH01
_h1048
590 _aE5765TAJ
_b05
_c20190716
_lUCH01
_h0949
650 1 4 _aAgricultura
_xEstudio y ensenanza.
_91474
650 1 4 _aAgricultura
_xInvestigación.
_91577
650 1 4 _aCapacitación.
_918690
650 1 4 _aEducación agrícola.
_935491
650 1 4 _aUACH
_9115798
700 0 _aBarreto Flores, Salvador
_ecomp.
_910444
901 _aBK
942 _cLIBRO
942 _n0
999 _c88075
_d88075